000 00494nam a2200181Ia 4500
001 9224
005 20260306160707.0
008 260306t2018||||xx |||||||||||||| ||spa||
041 _aESP
082 _a378
_bA66
100 _aAranzamendi, Lino
_eAUT
245 0 _aDesafíos de la universidad del siglo XXI:
_bhomenaje al centenario de la reforma universitaria 1918-2018
260 _c2018
300 _a286 páginas :
_c24 cm.
650 _aGEN
654 _aCHU
942 _cLIB
_dJUS
_fJUS
_2ddc
_n
999 _c9224
_d9224